00466nam a2200157Ia 4500001000500000005001700005008004100022041000800063082001900071100002800090245013700118260000900255300002800264650000800292654000800300260120260306144819.0260306t2017||||xx |||||||||||||| ||spa|| aESP a616.8982bO643 aOjea Rúa, ManueleAUT 0aTrastorno del espectro autista:bprocesamiento de la información perceptivo-cognitivo mediante la creación de redes semánticas c2017 a162 páginas :c23 cm. aGEN aCPS